000 00478nam a2200193Ia 4500
005 20250508152036.0
008 008 250505s9999 xx 000 0 eng d
037 _aBooks to be hide in OPAC
040 _aFEDL
_beng
_cFEDL
041 _aeng
_2eng
084 _qFEDL
100 _aGijubhai
_9758586
245 0 _aPrathamik shalma shikshan paddhati (Gujrati)
260 _c1949
300 _a152p.
546 _aWeeded out
942 _cHB
999 _c1333872
_d1333872